| 000 | 00893nam a2200277Ia 4500 | ||
|---|---|---|---|
| 003 | OSt | ||
| 005 | 20221005085707.0 | ||
| 006 | a|||||r|||| 00| 0 | ||
| 007 | ta | ||
| 008 | 221004b |||||||| |||| 00| 0 eng d | ||
| 020 |
_a9781606239902 (hbk) _c3705.75 |
||
| 024 | _a116214 | ||
| 037 |
_b148, 08/02/2012, Sunrise Books _cTextual |
||
| 040 |
_aCRL _cCRL _beng |
||
| 041 |
_2eng _aeng |
||
| 082 | _aS1:1:(G:6)g, Q1(RR) | ||
| 100 |
_aGoldstein Sam Ed. _935395 |
||
| 245 | 0 | _aHandbook of neurodevelopmental and genetis disorders in childern | |
| 250 | _a2nd | ||
| 260 |
_aNew York _bGuilford Press U.S.A _c2011 |
||
| 300 |
_axvii, 588p. _ccm. |
||
| 650 | _aPSYCHOLOGY | ||
| 700 |
_a Reynolds Cecil R. Ed. _97786 |
||
| 942 |
_hS1:1:(G:6)g, Q1(RR) _cTEXL _2cc |
||
| 999 |
_c994618 _d994618 |
||